Project management : (Record no. 542062)
[ view plain ]
| 000 -LEADER | |
|---|---|
| fixed length control field | 00811pam a2200217 a 4500 |
| 020 ## - INTERNATIONAL STANDARD BOOK NUMBER | |
| International Standard Book Number | 0471591688 (acidfree paper) |
| 082 00 - DEWEY DECIMAL CLASSIFICATION NUMBER | |
| Classification number | 624.068 |
| Author Mark | AHU |
| -- | L-37,P-156 |
| 100 1# - MAIN ENTRY--PERSONAL NAME | |
| Personal name | Ahuja, H. N. |
| 9 (RLIN) | 36879 |
| 245 10 - TITLE STATEMENT | |
| Title | Project management : |
| Remainder of title | techniques in planning and controlling construction projects / |
| Statement of responsibility, etc. | Hira N. Ahuja, S.P. Dozzi, S.M. AbouRizk. |
| 250 ## - EDITION STATEMENT | |
| Edition statement | 2nd ed. |
| 260 ## - PUBLICATION, DISTRIBUTION, ETC. | |
| Place of publication, distribution, etc. | New York : |
| Name of publisher, distributor, etc. | J. Wiley, |
| Date of publication, distribution, etc. | c1994. |
| 300 ## - PHYSICAL DESCRIPTION | |
| Extent | xiv, 505 p. : |
| Other physical details | ill. ; |
| Dimensions | 25 cm. |
| 526 ## - STUDY PROGRAM INFORMATION NOTE | |
| Program name | 0 |
| Interest level | 0 |
| Reading level | 0 |
| Title point value | 624_068000000000000_AHU |
| 650 #0 - SUBJECT ADDED ENTRY--TOPICAL TERM | |
| Topical term or geographic name entry element | Construction industry |
| General subdivision | Management. |
| 9 (RLIN) | 806 |
| 650 #0 - SUBJECT ADDED ENTRY--TOPICAL TERM | |
| Topical term or geographic name entry element | MCE |
| 9 (RLIN) | 379 |
| 700 1# - ADDED ENTRY--PERSONAL NAME | |
| Personal name | AbouRizk, S. M. |
| 9 (RLIN) | 13122 |
| 700 1# - ADDED ENTRY--PERSONAL NAME | |
| Personal name | Dozzi, S. P. |
| 9 (RLIN) | 37156 |
| 856 4# - ELECTRONIC LOCATION AND ACCESS | |
| Uniform Resource Identifier | <a href="http://www.loc.gov/catdir/toc/onix02/94007316.html">http://www.loc.gov/catdir/toc/onix02/94007316.html</a> |
| 856 42 - ELECTRONIC LOCATION AND ACCESS | |
| Uniform Resource Identifier | <a href="http://www.loc.gov/catdir/description/wiley032/94007316.html">http://www.loc.gov/catdir/description/wiley032/94007316.html</a> |
| 942 ## - ADDED ENTRY ELEMENTS (KOHA) | |
| Source of classification or shelving scheme | |
| Koha item type | Book |
| Withdrawn status | Lost status | Source of classification or shelving scheme | Damaged status | Not for loan | Permanent Location | Current Location | Date acquired | Total Checkouts | Full call number | Barcode | Date last seen | Price effective from | Koha item type |
|---|---|---|---|---|---|---|---|---|---|---|---|---|---|
| Military College of Engineering (MCE) | Military College of Engineering (MCE) | 09/19/2013 | 624.068 AHU | MCE-28872 | 09/19/2013 | 09/19/2013 | Book |
